Collioure - Choix multiples - Statistiques

Statistiques générales
  • Ce quiz a été pris 61 fois
  • Le résultat moyen est 6 sur 10
Statistiques - réponses
Question Réponse % Correct
Lequel de ces moulins est celui de la Cortina, situé sur les hauteurs de Collioure ?
82%
Sur quelle côte au nom coloré Collioure se situe-t-elle ? Côte Vermeille
82%
Quelle émission télévisée la ville de Collioure remporta-t-elle en 2024 ? Le Village préféré des Français
75%
Quel poisson, fierté de la commune, est le seul à bénéficier d'une appellation d'origine en France ? L'anchois
66%
Quel célèbre architecte avait pour projet de raser Collioure et d'en déplacer la population à Port-Vendres pour construire un grand port militaire ? Vauban
64%
Lequel de ces peintres ne séjourna PAS à Collioure ? Claude Monet
61%
Quelle est la particularité de l'église Notre-Dame-des-Anges de Collioure ? Elle est construite sur un ancien phare.
57%
Lequel de ces films avec Louis de Funès a en partie été tourné à Collioure ? Le Petit Baigneur
57%
Sous quel empereur fut construit le Fort Saint Elme, qui surplombe la cité ? Charles Quint
55%
De quels rois le château de Collioure était-il la résidence d'été ? Les rois de Majorque
48%
Aucun quiz correspondant
Distribution des résultats
% des personnes avec chaque résultat
Percentile par nombre de réponses
Votre historique - résultats
Vous n’avez pas pris ce quiz